000
00216 a2200097 4500
001
17659
100
_a
Sissiom L E
245
_a
Elements of transport phenomena
260
_a
_b
McGraw-Hill
_c
090
_c
13044
_d
13044
942
_a
NUST-CAE
_c
M
_c
3386
999
_c
252732
_d
252732